Invisible man /

In the course of his wanderings from a Southern Negro college to New York's Harlem, an American black man becomes involved in a series of adventures.

Bibliographic Details
Main Author: Ellison, Ralph
Format: Book
Language:English
Published: New York : Modern Library, 1994.
Edition:Modern Library ed.
Series:[The Modern library of the world's best books]
Subjects:
Online Access:Sample text
Contributor biographical information
Publisher description

MARC

Tag First Indicator Second Indicator Subfields
LEADER 00000cam a2200000 a 4500
001 in00003771730
005 20170927134941.0
008 940628r19941992nyu 000 1 eng
010 |a  94176953  
019 |a 150817313  |a 732841280 
020 |a 0679601392  |q (com. ed. ;  |q acid-free paper) 
020 |a 9780679601395  |q (com. ed. ;  |q acid-free paper) 
020 |z 9780679600152 
020 |z 0679600159 
035 |a (OCoLC)ocm30780333 
035 |a (OCoLC)30780333  |z (OCoLC)150817313  |z (OCoLC)732841280 
040 |a DLC  |b eng  |c DLC  |d XY4  |d BAKER  |d BTCTA  |d YDXCP  |d ABG  |d ZWZ  |d BDX  |d ZCU  |d TXBXL  |d OCLCF  |d FDA  |d OCLCO  |d WIC  |d MUO  |d OCLCQ  |d OCLCO  |d OCLCQ  |d TXA  |d UtOrBLW 
049 |a TXAM 
050 0 0 |a PS3555.L625  |b I5 1994 
082 0 0 |a 813/.54  |2 20 
100 1 |a Ellison, Ralph.  |0 http://id.loc.gov/authorities/names/n50010027 
245 1 0 |a Invisible man /  |c Ralph Ellison ; preface by Charles Johnson. 
250 |a Modern Library ed. 
264 1 |a New York :  |b Modern Library,  |c 1994. 
300 |a xxxiv, 572 pages ;  |c 20 cm. 
336 |a text  |b txt  |2 rdacontent 
337 |a unmediated  |b n  |2 rdamedia 
338 |a volume  |b nc  |2 rdacarrier 
490 0 |a [The Modern library of the world's best books]  |0 http://id.loc.gov/authorities/names/n42708553 
500 |a Series statement from jacket. 
520 |a In the course of his wanderings from a Southern Negro college to New York's Harlem, an American black man becomes involved in a series of adventures. 
586 |a Anisfield-Wolf Book Award, 1992. 
586 |a National Book Award, 1953. 
650 0 |a African American men  |v Fiction.  |0 http://id.loc.gov/authorities/subjects/sh2007100672 
650 2 |a African Continental Ancestry Group.  |0 https://id.nlm.nih.gov/mesh/D044383 
650 4 |a African Americans  |x Social conditions  |y To 1964  |v Fiction. 
650 4 |a African Americans  |x Social conditions  |v Fiction. 
650 7 |a African American men.  |2 fast  |0 (OCoLC)fst00799236 
650 7 |a Noirs sméricains  |x Conditions sociales  |y jusqu'à 1964  |x Romans.  |2 ram 
655 7 |a Fiction.  |2 fast  |0 (OCoLC)fst01423787 
776 0 8 |i Online version:  |a Ellison, Ralph.  |t Invisible man.  |b 1994 Modern Library ed.  |d New York : Modern Library, 1994  |w (OCoLC)607106519 
856 4 1 |3 Sample text  |u http://catdir.loc.gov/catdir/samples/random044/94176953.html  |t 0 
856 4 2 |3 Contributor biographical information  |u http://catdir.loc.gov/catdir/bios/random057/94176953.html  |t 0 
856 4 2 |3 Publisher description  |u http://catdir.loc.gov/catdir/description/random0411/94176953.html  |t 0 
994 |a C0  |b TXA 
948 |a cataloged  |b h  |c 2016/5/11  |d c  |k rueschhof/jolivare  |f 9:55:49 am 
999 f f |s f9aaea98-fd36-3a8f-a66e-a156fd556b72  |i e3e7d210-bc29-3aa4-88b6-e5fa58cef2e4  |t 0 
952 f f |p normal  |a Texas A&M University  |b College Station  |c Sterling C. Evans Library  |d Evans: Library Stacks  |t 0  |e PS3555.L625 I5 1994  |h Library of Congress classification  |i unmediated -- volume  |m A14843563231 
998 f f |a PS3555.L625 I5 1994  |t 0  |l Evans: Library Stacks